Preface to the lyrical ballads (Record no. 4291)

MARC details
000 -LEADER
fixed length control field 00484cam a2200193ua 4500
008 - FIXED-LENGTH DATA ELEMENTS--GENERAL INFORMATION
fixed length control field 150128n ii |||gr||||Z||||||eng
040 ## - CATALOGING SOURCE
Transcribing agency MAIN
041 ## - LANGUAGE CODE
-- eng
082 ## - DEWEY DECIMAL CLASSIFICATION NUMBER
Classification number 782.14
100 ## - MAIN ENTRY--PERSONAL NAME
Personal name Wordsworth, William,
Relator term
245 ## - TITLE STATEMENT
Title Preface to the lyrical ballads
Statement of responsibility, etc. by William Wordsworth
250 ## - EDITION STATEMENT
Edition statement 16th.
260 ## - PUBLICATION, DISTRIBUTION, ETC.
Place of publication, distribution, etc. Delhi:
Name of publisher, distributor, etc. Unique publishers,
Date of publication, distribution, etc. 2005.
300 ## - PHYSICAL DESCRIPTION
Extent xvi; 200p:
Dimensions 23cm.
700 ## - ADDED ENTRY--PERSONAL NAME
Personal name Sen, S.,
Relator term
942 ## - ADDED ENTRY ELEMENTS (KOHA)
Koha item type Books
653 ## - INDEX TERM--UNCONTROLLED
Uncontrolled term Music
Holdings
Withdrawn status Lost status Damaged status Not for loan Home library Current library Shelving location Date acquired Total Checkouts Full call number Barcode Date last seen Copy number Price effective from Koha item type
        Naharkatiya College Library Naharkatiya College Library General Stacks 19/09/2020   782.14 | WOR 18360 19/09/2020 2 19/09/2020 Books
        Naharkatiya College Library Naharkatiya College Library General Stacks 19/09/2020   782.14 | WOR 18362 24/01/2024 1 19/09/2020 Books

Naharkatiya College © 2020. All rights reserved.

Powered By